स्वास्थ्य एवं शारीरिक शिक्षा / (Record no. 11182)

MARC details
000 -LEADER
fixed length control field 03351 a2200337 4500
005 - DATE AND TIME OF LATEST TRANSACTION
control field 2008090107367.0
008 - FIXED-LENGTH DATA ELEMENTS--GENERAL INFORMATION
fixed length control field 080901t xxu||||| |||| 00| 0 hin d
010 ## - LCCN (DPL NO)
LC control number HIN-82855 B-290639-645
020 ## - INTERNATIONAL STANDARD BOOK NUMBER
International Standard Book Number 8190426133
Terms of availability 150.00
035 ## - SYSTEM CONTROL NUMBER
System control number HN-55201
035 ## - SYSTEM CONTROL NUMBER
System control number B-290639-645
037 ## - SOURCE OF ACQUISITION
Source of stock number/acquisition पु.प्र.अ.प्र/प्रका
037 ## - SOURCE OF ACQUISITION
Source of stock number/acquisition श्याम प्रकाशन
082 ## - DEWEY DECIMAL CLASSIFICATION NUMBER
Classification number 372.37
100 ## - MAIN ENTRY--PERSONAL NAME
Personal name मिश्रा, महेन्द्र कुमार
245 ## - TITLE STATEMENT
Title स्वास्थ्य एवं शारीरिक शिक्षा /
Statement of responsibility, etc महेन्द्र कुमार मिश्रा
246 ## - VARYING FORM OF TITLE
Title proper/short title Swasthya evam sharirik shiksha
Remainder of title by Mahendra Kumar Mishra
260 ## - PUBLICATION, DISTRIBUTION, ETC. (IMPRINT)
Place of publication, distribution, etc जयपुर
Name of publisher, distributor, etc श्याम प्रकाशन
Date of publication, distribution, etc 2007
270 ## - ADDRESS
Address फिल्म कालोनी,चौड़ा रास्ता
City जयपुर
Postal code 302003
Telephone number 0141- 2317659
300 ## - PHYSICAL DESCRIPTION
Extent 138पृ
Other physical details सचित्र
Dimensions 22 सेमी (सजिल्द)
942 ## - ADDED ENTRY ELEMENTS (KOHA)
Institution code [OBSOLETE] dpl
Item type Hindi Books
Call number prefix 372.37 / मिश्राम
Source of classification or shelving scheme Dewey Decimal Classification
Classification part 372.37
Call number suffix मिश्राम
Holdings
Withdrawn status Lost status Source of classification or shelving scheme Damaged status Not for loan Collection code Home library Current library Date acquired Cost, normal purchase price Total Checkouts Full call number Barcode Date last seen Copy number Cost, replacement price Koha item type Source of acquisition Public note Total Renewals
    Dewey Decimal Classification     Non-fiction Central Library Central Library 05/05/2009 150.00   372.37 मिश्राम B-290639 05/05/2009 1 150.00 Hindi Books श्याम प्रकाशन/273/15.9.08/478/4.9.08/19.9.08    
    Dewey Decimal Classification   Not For Loan Non-fiction D.B.Act.Division D.B.Act.Division 01/09/2008 150.00   372.37 मिश्राम HN-55201 15/09/2008 1 150.00 Hindi Books      
    Dewey Decimal Classification     Non-fiction Karol Bagh Karol Bagh 05/05/2009 150.00   372.37 मिश्राम B-290644 05/05/2009 1 150.00 Hindi Books श्याम प्रकाशन/273/15.9.08/478/4.9.08/19.9.08    
Written off   Dewey Decimal Classification     Non-fiction Mobile Library Mobile Library 05/05/2009 150.00   372.37 मिश्राम B-290640 05/05/2009 2 150.00 Hindi Books श्याम प्रकाशन/273/15.9.08/478/4.9.08/19.9.08 Written off on approval by DLB (By Circulation); dtd 15-06-2023  
    Dewey Decimal Classification     Non-fiction Mobile Library Mobile Library 05/05/2009 150.00   372.37 मिश्राम B-290641 05/05/2009 2 150.00 Hindi Books श्याम प्रकाशन/273/15.9.08/478/4.9.08/19.9.08    
Withdrawn   Dewey Decimal Classification     Non-fiction Patel Nagar Patel Nagar 05/05/2009 150.00   372.37 मिश्राम B-290642 05/05/2009 1 150.00 Hindi Books श्याम प्रकाशन/273/15.9.08/478/4.9.08/19.9.08    
    Dewey Decimal Classification     Non-fiction Sarojini Nagar Sarojini Nagar 05/05/2009 150.00 22 372.37 मिश्राम B-290643 11/03/2017 1 150.00 Hindi Books श्याम प्रकाशन/273/15.9.08/478/4.9.08/19.9.08   4
    Dewey Decimal Classification     Non-fiction Shahdara Branch Shahdara Branch 05/05/2009 150.00   372.37 मिश्राम B-290645 05/05/2009 1 150.00 Hindi Books श्याम प्रकाशन/273/15.9.08/478/4.9.08/19.9.08    

© Delhi Public Library
Hit Counter
free hit counter